REFRESHER COURSE IN CHEMISTRY (Record no. 6543)
[ view plain ]
| 000 -LEADER | |
|---|---|
| fixed length control field | 00379cam a2200169ua 4500 |
| 008 - FIXED-LENGTH DATA ELEMENTS--GENERAL INFORMATION | |
| fixed length control field | 120714n1996 II |||gr||||Z||||||eng |
| 040 ## - CATALOGING SOURCE | |
| Original cataloging agency | MAIN |
| 041 ## - LANGUAGE CODE | |
| -- | English |
| 082 ## - DEWEY DECIMAL CLASSIFICATION NUMBER | |
| Classification number | 540 JAI |
| 100 ## - MAIN ENTRY--PERSONAL NAME | |
| Personal name | JAIN. |
| 245 ## - TITLE STATEMENT | |
| Title | REFRESHER COURSE IN CHEMISTRY |
| 260 ## - PUBLICATION, DISTRIBUTION, ETC. | |
| Place of publication, distribution, etc. | JALANDHAR |
| Name of publisher, distributor, etc. | DHANPAT RAI & SONS |
| Date of publication, distribution, etc. | 1996 |
| 300 ## - PHYSICAL DESCRIPTION | |
| Extent | 832: |
| Dimensions | 25CM. |
| 700 ## - ADDED ENTRY--PERSONAL NAME | |
| Personal name | JAIN. |
| 942 ## - ADDED ENTRY ELEMENTS (KOHA) | |
| Koha item type | Books |
| Withdrawn status | Lost status | Damaged status | Not for loan | Collection code | Home library | Current library | Shelving location | Date acquired | Full call number | Barcode | Date last seen | Copy number | Price effective from | Koha item type |
|---|---|---|---|---|---|---|---|---|---|---|---|---|---|---|
| TBCHE | Central Library and Information Centre Sibsagar Girls College | Central Library and Information Centre Sibsagar Girls College | Chemistry Rack | 05.02.1997 | 540 JAI | 14389 | 27.02.2020 | 1 | 27.02.2020 | Books |